Український футуризм 1914-1930 (Record no. 310302)

MARC details
000 -Лідер
fixed length control field 01560nam a22002897a 4500
001 - Контрольний номер
control field 24039
003 - Ідентифікатор контрольного номера
control field UA-OsUOA
005 - Дата та час останнього входження (трансакції)
control field 20260401160300.0
007 - Фіксоване поле фізичного опису
fixed length control field ta
008 - Елементи даних фіксованої довжини – загальна інформація
fixed length control field 20040205b un ||un a|||| 00| 0 ukr dukr d
020 ## - Міжнародний стандартний книжковий номер (ISBN)
Міжнародний стандартний книжковий номер (ISBN) (НП) 9667007750
040 ## - Джерело каталогізації
Агенція оригінальної каталогізації UA-OsUOA
Мова каталогізації ukr
Агенція, яка здійснювала перезапис UA-OsUOA
Агенція, яка здійснювала модифікацію UA-OsUOA
041 ## - Код мови
Код мови тексту/ звукової доріжки чи окремого заголовка (П) ukr
044 ## - Код країни видавця/ виробника
Код країни видавця/ виробника (П) UA
080 ## - Індекс Універсальної десяткової класифікації
Індекс Універсальної десяткової класифікації (УДК) (НП) 82.09(477)(091)
090 ## - Локальний шифр розміщення
Класифікаційний індекс УДК 82.09(477)(091)
Авторський знак (НП) І-47
100 ## - Основне введення – ім’я особи
Ім’я особи (НП) Ільницький О.
9 (RLIN) 24843
245 ## - Відомості про назву
Назва (НП) Український футуризм 1914-1930
Дані про відповідальність (НП) Олег Ільницький ; пер. з англійської Рая Тхорук
260 ## - Публікація, розповсюдження і т.п. (Вихідні дані)
Місце публікації, розповсюдження і т.п. (П) Львів
Ім’я/ наймення видавництва, розповсюджувача і т.п. (П) Літопис
Дата публікації, розповсюдження і т.п. (П) 2003
300 ## - Фізичний опис
Обсяг 456 с.
520 ## - Резюме і т.п.
Резюме, реферат, анотація, тощо (НП) Книжка канадського літературознавця Олега Ільницького - про український футуризм - мистецький переворот, який здійснили М. Семенко, Г. Шкурупій, О. Слісаренко, Л. Курбас та інші і завдяки якому вперше за кілька сторіч українська культура опинилася в авангарді європейського артистичного життя.<br/>Для літературознавців, мистецтвознавців, культурологів, філософів.
650 #7 - Додаткове предметне введення – тематичний термін
Тематичний термін чи географічна назва, як елемент введення (НП) 82 Література. Літературознавство
Джерело заголовка чи терміна UDC
9 (RLIN) 15
700 1# - Додаткове введення – ім'я особи
Ім’я особи (НП) Тхорук Р.
9 (RLIN) 24844
942 ## - Додаткові елементи входу (Коха)
Тип елемента Koha Books
Source of classification or shelving scheme Universal Decimal Classification
955 ## - Код типу видання за змістом
Код типу видання за змістом (НП) Науково-популярні видання
Holdings
Стан вилучень Стан втрат Джерело класифікації або схеми стелажів Стан уражень Не для кредиту Постійне місце розташування Поточне розміщення Дата придбання Вартість, звичайна ціна покупки Інвентарний номер Усього замовленно Повний номер виклику Штрих-код Дата останнього перегляду Ціна ефективна від Тип елемента Koha Джерело придбання Код колекції Вартість, ціна заміни
    Universal Decimal Classification     АБ - Абонемент НБ АБ - Абонемент НБ 24/03/2026 25.00 169666   82.09(477)(091) І-47 169666 01/04/2026 01/04/2026 Books Акт №14/24.03.2026 Колекція Шевчука Валерія 25.00
    Universal Decimal Classification     ЧЗ - Читальна зала ЧЗ - Читальна зала 05/02/2004 21.25 77272   82.09(477)(091) І-47 77272 09/02/2022 05/02/2004 Books      
    Universal Decimal Classification     ЧЗ - Читальна зала ЧЗ - Читальна зала 19/01/2006 31.40 89903   82.09(477)(091) І-47 89903 09/02/2022 19/01/2006 Books 5/2006    
    Universal Decimal Classification     ЧЗ - Читальна зала ЧЗ - Читальна зала 19/01/2006 31.40 89904   82.09(477)(091) І-47 89904 09/02/2022 19/01/2006 Books 5/2006